000 00220nam a22000977a 4500
008 230620b xxu||||| |||| 00| 0 eng d
082 _a323
_bCLA
245 _aIntroduction to Human Rights
300 _a49p
942 _2ddc
_cBK
999 _c1817
_d1817